Statistics for Numbers at the end of Popular Jetpunker’s names

Click here to take the quiz!

General Stats

  • This quiz has been taken 8 times
  • The average score is 4 of 7

Answer Stats

HintAnswer% Correct
Jerry928
100%
Quizzer6794
50%
Gamer1162
50%
Aaron197
50%
Buck1017
50%
Mac212121
50%
Miki2003
0%

Score Distribution

Percentile by Number Answered

Percent of People with Each Score

Your Score History

You have not taken this quiz